Data Mining with SPSS Modeler Theory, Exercises and Solutions /

Introducing the IBM SPSS Modeler, this book guides readers through data mining processes and presents relevant statistical methods. There is a special focus on step-by-step tutorials and well-documented examples that help demystify complex mathematical algorithms and computer programs. The variety o...

Full description

Bibliographic Details
Main Authors: Wendler, Tilo (Author), Gröttrup, Sören (Author)
Corporate Author: SpringerLink (Online service)
Format: Electronic eBook
Language:English
Published: Cham : Springer International Publishing : Imprint: Springer, 2016.
Subjects:
Online Access:Full Text via HEAL-Link
LEADER 02504nam a22004695i 4500
001 978-3-319-28709-6
003 DE-He213
005 20160606174105.0
007 cr nn 008mamaa
008 160606s2016 gw | s |||| 0|eng d
020 |a 9783319287096  |9 978-3-319-28709-6 
024 7 |a 10.1007/978-3-319-28709-6  |2 doi 
040 |d GrThAP 
050 4 |a QA276-280 
072 7 |a PBT  |2 bicssc 
072 7 |a MAT029000  |2 bisacsh 
082 0 4 |a 519.5  |2 23 
100 1 |a Wendler, Tilo.  |e author. 
245 1 0 |a Data Mining with SPSS Modeler  |h [electronic resource] :  |b Theory, Exercises and Solutions /  |c by Tilo Wendler, Sören Gröttrup. 
264 1 |a Cham :  |b Springer International Publishing :  |b Imprint: Springer,  |c 2016. 
300 |a XII, 1059 p. 1378 illus., 1277 illus. in color.  |b online resource. 
336 |a text  |b txt  |2 rdacontent 
337 |a computer  |b c  |2 rdamedia 
338 |a online resource  |b cr  |2 rdacarrier 
347 |a text file  |b PDF  |2 rda 
505 0 |a Preface -- Introduction -- Basic Functions of the SPSS Modeler -- Univariate Statistics -- Multivariate Statistics -- Regression Models -- Factor Analysis -- Cluster Analysis -- Classification Models -- Using R with the Modeler -- Data Sets Used in This Book. 
520 |a Introducing the IBM SPSS Modeler, this book guides readers through data mining processes and presents relevant statistical methods. There is a special focus on step-by-step tutorials and well-documented examples that help demystify complex mathematical algorithms and computer programs. The variety of exercises and solutions as well as an accompanying website with data sets and SPSS Modeler streams are particularly valuable. While intended for students, the simplicity of the Modeler makes the book useful for anyone wishing to learn about basic and more advanced data mining, and put this knowledge into practice. 
650 0 |a Statistics. 
650 0 |a Data mining. 
650 0 |a Computer software. 
650 1 4 |a Statistics. 
650 2 4 |a Statistical Theory and Methods. 
650 2 4 |a Statistics and Computing/Statistics Programs. 
650 2 4 |a Data Mining and Knowledge Discovery. 
650 2 4 |a Mathematical Software. 
700 1 |a Gröttrup, Sören.  |e author. 
710 2 |a SpringerLink (Online service) 
773 0 |t Springer eBooks 
776 0 8 |i Printed edition:  |z 9783319287072 
856 4 0 |u http://dx.doi.org/10.1007/978-3-319-28709-6  |z Full Text via HEAL-Link 
912 |a ZDB-2-SMA 
950 |a Mathematics and Statistics (Springer-11649)